000 00413nam a2200181Ia 4500
005 20250423100336.0
008 250422s9999 xx 000 0 und d
020 _a9780230467
050 _aKP 116 .S2/
100 _aSagay, Itse
245 0 _aNigerian family law
260 _aLagos
260 _bMalthouse Press Ltd
260 _c1999
300 _a908 p
650 _aFamily law-Nigeria.
942 _cBK
999 _c33015
_d33015